000 01135nas a2200325 4500
001 BR2011000290
003 BR-BrBNA
005 20231205115954.0
007 ta
008 230509b bl.|||p| |||| 00| 00por d
040 _aBR-BrBNA
_bpor
_cBiblioteca Nacional de Agricultura
041 _a(Pt)
072 _aH10
100 1 _aFirmino-Winckler, D.C.
100 1 _aWilcken, C.F.
100 1 _aOliveira, N.C. de
100 1 _aMatos, C.A.O. de
245 1 _aBiologia do psilídeo-de-concha Glycaspis brimblecombei Moore (Hemiptera, Psylidae)biology em Eucalyptus spp.
246 1 _aRed gum lerp psyllid Glycaspis brimblecombei Moore (Hemiptera, Psylidae)biology in Eucalyptus spp.
650 _aINSETO
650 _aHEMIPTERO
650 _aFLORESTA
650 _aEUCALYPTUS SPP
650 _aPRAGA DE PLANTA
650 _aENTOMOLOGIA
773 0 _tRevista Brasileira de Entomologia (Brazil)
_xISSN 0085-5626
_g(Jan-Mar 2009), v. 53(1) p. 144-146
_wBR2011000290
856 4 _uhttp://www.scielo.br/pdf/rbent/v53n1/30.pdf
_yRecurso eletrônico (PDF)
909 _a202311
_bLúcia
_c55
_dLúcia Elande
942 _2AGRIS
_n0
_cANA
999 _c216533
_d216533